01240 2200385 4500001002100000005001500021035002000036007000300056008004100059020002200100040002200122082001500144084001700159090002200176100003500198245012100233250004100354300006700395500001100462650001700473650002700490700002100517700003600538700004000574850001200614504003400626264003600660336002100696337003000717338002300747999002200770990002200792990002000814990002000834INLIS00000000086026420210525104435 a0010-0521000845ta210525s2021 yoia gr 1 ind d a978-623-228-838-6 aYOPDYOGbinderda04223a634.04 a634.04 SOE p aCB-D.11 2021-02800 aSoesiladi Esti Widodoepenulis10aProduksi tanaman buah /cpenulis, Soesiladi Esti Widodo, Rugayah, Yohannes Cahya Ginting, Suskandini Ratih Dirmawati aEdisi pertama; Cetakan pertama, 2021 axiv, 207 halaman :bilustrasi berwarna, gambar, tabel ;c24 cm aIndeks 4aTanaman buah 4aPerkebunan buah-buahan0 aRugayahepenulis0 aYohannes Cahya Gintingepenulis0 aSuskandini Ratih Dirmawatiepenulis aYOPDYOG aBibliografi : halaman 182-18531aYogyakarta :bGraha Ilmu,c2021 2rdacontentateks 2rdamediaatanpa perantara 2rdacarrieravolume aCB-D.11/2021-0280 aCB-D.11/2021-0280 a44434-PD/B.2022 a44435-PD/B.2022